000 03797namaa22004331i 4500
003 EG-GICUC
005 20260416112145.0
008 260404s2025 ua a|||frm||| 000 0 eng d
040 _aEG-GICUC
_beng
_cEG-GICUC
_dEG-GICUC
_erda
041 0 _aeng
_beng
_bara
049 _aDeposit
082 0 4 _a624.1821
092 _a624.1821
_221
097 _aM.Sc
099 _aCai01.13.05.M.Sc.2025.Es.N
100 0 _aEsraa Harby Ali Abdelghaffar,
_epreparation.
245 1 0 _aNumerical investigation on the flexural behavior of composite steel castellated beams subjected to pure bending /
_cby Esraa Harby Ali Abdelghaffar ; Supervisors Prof. Sherif A. Mourad, Prof. Dr. Omar A. Sediek.
246 1 5 _aدراسة عددية لسلوك الإنثناء للكمرات الحديدية المفرغة المركبة المعرضة لعزوم إنحناء فقط
264 0 _c2025.
300 _a78 pages :
_billustrations ;
_c30 cm. +
_eCD.
336 _atext
_2rda content
337 _aUnmediated
_2rdamedia
338 _avolume
_2rdacarrier
502 _aThesis (M.Sc)-Cairo University, 2025.
504 _aBibliography: pages 75-78.
520 3 _aThe primary objective of this thesis is to analyze the behavior of composite steel cellular beams and quantify the reduction in moment capacity due to web openings. The study focuses on deriving a β (beta) reduction factor that reflects the capacity decline compared to solid composite beams. Using finite element analysis (FEA), we examine the impact of key parameters such as beam length (L), depth (d), opening diameter (D), and spacing (P) on the beam’s capacity. The results are validated through comparisons with AISC Design Guide 31 and relevant design codes.
520 3 _aيتناول هذا البحث دراسة عددية لتحليل سلوك الكمرات الفولاذية المركبة ذات الفتحات الخلوية، مع التركيز على تحديد الانخفاض في العزم الناتج عن هذه الفتحات. ولتمثيل الفرق في السعة مقارنة بالكمرات المصمتة، تم اشتقاق معامل تقليل العزم (β). كما تم إجراء تحليل بالعناصر المحددة لدراسة تأثير عدد من العوامل الهندسية مثل طول الكمرة وعمقها وقطر الفتحات والمسافات بينها. بالإضافة إلى ذلك، تم حساب معاملات انخفاض الترخيم ومعاملات انخفاض قوى القص لقياس تأثير الفتحات على الأداء الخدمي والإنشائي. وقد شملت الدراسة ثلاث حالات تحميل مختلفة (حمل مركز، حملان نقطيان، وحمل موزع منتظم) كجزء من المتغيرات الأساسية. وتمت مقارنة النتائج مع كود AISC ودلائل التصميم المتاحة للتحقق من دقتها وصلاحيتها للتطبيق العملي.
530 _aIssues also as CD.
546 _aText in English and abstract in Arabic & English.
650 0 _aComposite steel cellular beams
650 0 _aالكمرات الفولاذية
653 1 _aComposite steel cellular beams
_aBeta (β) reduction factor
_aMoment capacity
_a(β) معامل التقليل بيتا
_aالكمرات الفولاذية المركبة الخلوية
700 0 _aSherif A. Mourad
_ethesis advisor.
700 0 _aOmar A. Sediek
_ethesis advisor.
900 _b01-01-2025
_cSherif A. Mourad
_cOmar A. Sediek
_dAshraf M. Osman
_dSameh M. Gaawan
_UCairo University
_FFaculty of Engineering
_DDepartment of Structural Engineering
905 _aShimaa
_eEman Ghareb
942 _2ddc
_cTH
_e21
_n0
999 _c179169